|
|
|
|
| LEADER |
01465cam a2200361 a 4500 |
| 003 |
AR-BeUNQ |
| 005 |
20240515122501.0 |
| 007 |
ta |
| 008 |
170201s2015 ag a000 0 spa d |
| 999 |
|
|
|c 28380
|d 112180
|
| 020 |
|
|
|a 9789871987627
|
| 040 |
|
|
|a AR-BeUNQ
|b spa
|c AR-BeUNQ
|e aacr
|
| 082 |
0 |
4 |
|2 21
|a 320.549
|
| 100 |
1 |
|
|a Ugarte, Manuel
|d 1875-1951
|
| 245 |
1 |
0 |
|a Pasión latinoamericana :
|b obras elegidas /
|c Manuel Ugarte ; presentación, Ana Jaramillo ; prólogo, Norberto Galasso.
|
| 260 |
|
|
|a Remedios de Escalada :
|b Ediciones de la UNLa,
|c [2015].
|
| 300 |
|
|
|a 439 p. ;
|c 22 cm.
|
| 490 |
1 |
|
|a Patria grande
|
| 505 |
0 |
|
|a Presentación -- Prólogo -- El porvenir de la América Latina -- La patria grande -- La reconstrucción de Hispanoamérica -- Actitud de Manuel Ugarte ante los acontecimientos de 1945
|
| 650 |
|
7 |
|a Historia
|2 spines
|
| 650 |
|
7 |
|a Política
|2 spines
|
| 650 |
|
7 |
|a Colonialismo
|2 spines
|
| 650 |
|
7 |
|a Integración regional
|2 spines
|
| 651 |
|
7 |
|a América Latina
|2 toit
|
| 653 |
|
|
|a Latinoamericanismo
|
| 700 |
1 |
|
|4 aui
|a Jaramillo, Ana
|e presentación
|9 4921
|
| 700 |
1 |
|
|4 aui
|a Galasso, Norberto
|e prologuista
|
| 730 |
3 |
2 |
|a El porvenir de la América Latina
|f 1910
|
| 730 |
3 |
2 |
|a La patria grande
|f 1924
|
| 730 |
3 |
2 |
|a La reconstrucción de Hispanoamérica
|f 1961
|
| 830 |
|
0 |
|9 107
|a Patria grande (Ediciones de la UNLa)
|l Español
|
| 929 |
|
|
|a CANJE
|b Universidad Nacional de Lanús
|e 20160912
|f PAT0063945
|j 55309
|d 160,00
|
| 942 |
|
|
|c LIB
|n 0
|